| 000 | 00486nam a22001817a 4500 | ||
|---|---|---|---|
| 003 | NUST - PNEC | ||
| 005 | 20170116180931.0 | ||
| 008 | 150905b xxu||||| |||| 00| 0 eng d | ||
| 020 | _a0070582955 | ||
| 040 | _cLIBRARY | ||
| 082 | _a621.3812 NAH | ||
| 100 |
_98805 _aNahvi, Mahmood |
||
| 245 |
_aSchaum's outline of theory and problems of electric circuits _cMahmood Nahvi |
||
| 250 | _a4th ed. | ||
| 260 | _cc.2003 | ||
| 650 |
_98296 _aElectric circuits _xEE |
||
| 942 |
_2ddc _cBK |
||
| 999 |
_c65929 _d65929 |
||